| 000 | 00534nam a22001697a 4500 | ||
|---|---|---|---|
| 005 | 20251108164219.0 | ||
| 008 | 250721s1987 xx 000 0 ara d | ||
| 082 | 1 | 4 | _a338.2728206/ربا |
| 100 | 1 | _aشيخ الأرض، رباح منير | |
| 245 | 1 | 0 | _aأزمة الأوبك / |
| 264 | 1 |
_aدمشق : _bدار قتيبه للطباعة و النشر و التوزيع، _c1987. |
|
| 300 | _a394ص | ||
| 650 | 1 | 7 | _aالنفط |
| 650 | 1 | 7 | _aمنظمة الأقطار المصدرة للبترول |
| 942 |
_2ddc _cBK |
||
| 999 |
_c6547 _d6547 |
||